[Event "Voronezh op-B 20th"]
[Site "Voronezh"]
[Date "2016.06.20"]
[Round "8"]
[White "Krekoten, Vladimir"]
[Black "Kumakov, Ivan"]
[Result "0-1"]
[WhiteElo "1747"]
[BlackElo "1669"]
[PlyCount "78"]
[EventDate "2016.06.12"]
[EventType "swiss"]
[EventRounds "9"]
[EventCountry "RUS"]
[SourceTitle "EXT 2017"]
[Source "ChessBase"]
[SourceDate "2016.10.25"]
[SourceVersion "1"]
[SourceVersionDate "2016.10.25"]
[SourceQuality "1"]

1. Nf3 d5 2. d4 Nc6 3. Bf4 Bg4 4. Ne5 Nxe5 5. Bxe5 e6 6. a3 Nf6 7. f3 Bf5 8. Nc3 c6 9. g4 Bg6 10. h4 h5 11. g5 Nd7 12. Bg3 Nb6 13. b3 Bd6 14. f4 Qe7 15. Qc1 0-0-0 16. e3 Bf5 17. Bd3 Bxd3 18. cxd3 Bc7 19. b4 Nd7 20. Na4 a6 21. Rh2 f6 22. Rb2 e5 23. Re2 Rhe8 24. Raa2 Qe6 25. Kf2 Qg4 26. Qh1 exf4 27. Bxf4 Bxf4 28. exf4 Qxf4+ 29. Qf3 Qxh4+ 30. Kf1 Qxg5 31. Rac2 Rxe2 32. Qxe2 Qf4+ 33. Ke1 Qxd4 34. Kd2 Ne5 35. Rc3 h4 36. Nc5 Qg4 37. Qf1 Nf3+ 38. Kc2 h3 39. Kb3 Nd2+ 0-1

[Event "Voronezh op-B 20th"]
[Site "Voronezh"]
[Date "2016.06.19"]
[Round "7"]
[White "Kumakov, Ivan"]
[Black "Agibalov, Roman"]
[Result "1-0"]
[WhiteElo "1669"]
[BlackElo "1745"]
[PlyCount "60"]
[EventDate "2016.06.12"]
[EventType "swiss"]
[EventRounds "9"]
[EventCountry "RUS"]
[SourceTitle "EXT 2017"]
[Source "ChessBase"]
[SourceDate "2016.10.25"]
[SourceVersion "1"]
[SourceVersionDate "2016.10.25"]
[SourceQuality "1"]

1. d4 d5 2. Bg5 c6 3. Nd2 h6 4. Bf4 Nf6 5. e3 Bf5 6. Ngf3 e6 7. Nb3 Nbd7 8. Bd3 Be4 9. 0-0 c5 10. Bxe4 Nxe4 11. Nbd2 Ndf6 12. Be5 Qb6 13. Nxe4 Nxe4 14. dxc5 Qxc5 15. Bd4 Qb5 16. Nd2 Nd6 17. b3 b6 18. Bb2 Rc8 19. Nf3 Qc5 20. Rc1 b5 21. Ne5 Qb4 22. a3 Qe4 23. Qe2 a6 24. f3 Qh4 25. e4 dxe4 26. fxe4 Be7 27. Rf3 0-0 28. Re1 Bf6 29. Rh3 Qg5 30. Rg3 Qf4 1-0

[Event "Voronezh op-B 20th"]
[Site "Voronezh"]
[Date "2016.06.16"]
[Round "5"]
[White "Kumakov, Ivan"]
[Black "Koshil, Tikhon Stepanovich"]
[Result "0-1"]
[WhiteElo "1669"]
[BlackElo "1959"]
[PlyCount "100"]
[EventDate "2016.06.12"]
[EventType "swiss"]
[EventRounds "9"]
[EventCountry "RUS"]
[SourceTitle "EXT 2017"]
[Source "ChessBase"]
[SourceDate "2016.10.25"]
[SourceVersion "1"]
[SourceVersionDate "2016.10.25"]
[SourceQuality "1"]

1. d4 Nf6 2. Bg5 Ne4 3. Bf4 d5 4. Nd2 Nd6 5. e3 Bf5 6. Ngf3 e6 7. Be2 Be7 8. 0-0 0-0 9. c4 Nd7 10. cxd5 exd5 11. Qb3 Nb6 12. Rac1 a5 13. Bd3 a4 14. Qc2 Bxd3 15. Qxd3 c6 16. a3 Nd7 17. Nb1 Nc4 18. Qe2 Nf6 19. Ne5 Na5 20. Nc3 Nb3 21. Rcd1 Qa5 22. Qc2 Nh5 23. Bg3 g6 24. f4 f6 25. Nf3 Nxg3 26. hxg3 Ra6 27. Kf2 b5 28. Nb1 Qd8 29. Nh4 Kg7 30. Rh1 Re8 31. Nf3 Bd6 32. Rde1 c5 33. Qd3 c4 34. Qc3 Qb6 35. Qc2 b4 36. Nfd2 bxa3 37. bxa3 Qa5 38. Re2 Ra7 39. Rd1 Rae7 40. Rde1 Qa8 41. Nf3 Qc6 42. Nfd2 Qd7 43. Qc3 Qg4 44. Nf1 Bc7 45. Nbd2 Ba5 46. Qc2 Nxd4 47. exd4 Rxe2+ 48. Rxe2 Qxe2+ 49. Kg1 Bxd2 50. Nxd2 Qd3 0-1

[Event "Voronezh op-B 20th"]
[Site "Voronezh"]
[Date "2016.06.15"]
[Round "4"]
[White "Redikultsev, Boris"]
[Black "Kumakov, Ivan"]
[Result "1/2-1/2"]
[WhiteElo "1987"]
[BlackElo "1669"]
[PlyCount "107"]
[EventDate "2016.06.12"]
[EventType "swiss"]
[EventRounds "9"]
[EventCountry "RUS"]
[SourceTitle "EXT 2017"]
[Source "ChessBase"]
[SourceDate "2016.10.25"]
[SourceVersion "1"]
[SourceVersionDate "2016.10.25"]
[SourceQuality "1"]

1. e4 c6 2. d4 d5 3. exd5 cxd5 4. c4 Nf6 5. Nc3 g6 6. Nf3 Bg7 7. Qb3 0-0 8. Be2 b6 9. 0-0 dxc4 10. Bxc4 Nc6 11. Qa4 Bb7 12. Be3 Na5 13. Be2 Nd5 14. Rfe1 Nxc3 15. bxc3 Rc8 16. Rac1 Bc6 17. Qa3 Bd5 18. Nd2 e5 19. f4 exd4 20. Bxd4 Bxd4+ 21. cxd4 Re8 22. Bf3 Bxf3 23. Nxf3 Qf6 24. Ne5 Rxc1 25. Qxc1 Qd6 26. Rd1 f6 27. Nc4 Nxc4 28. Qxc4+ Kg7 29. g3 Rd8 30. d5 Rd7 31. Kf2 Rc7 32. Qb3 Qc5+ 33. Kf3 Qd6 34. h3 Kf7 35. a3 Kg7 36. g4 Kf7 37. h4 h6 38. Qd3 Kg7 39. h5 gxh5 40. gxh5 Kf8 41. Rd2 Rg7 42. Qc4 Qd7 43. d6 Qh3+ 44. Ke4 Qh1+ 45. Kd4 Qg1+ 46. Kd5 Qh1+ 47. Qe4 Qxh5+ 48. f5 Qf7+ 49. Kd4 Qd7 50. Qa8+ Kf7 51. Qd5+ Kf8 52. Qa8+ Kf7 53. Qd5+ Kf8 54. Qa8+ 1/2-1/2

[Event "Voronezh op-B 20th"]
[Site "Voronezh"]
[Date "2016.06.14"]
[Round "3"]
[White "Kumakov, Ivan"]
[Black "Tverdokhleb, Aleksandr"]
[Result "0-1"]
[WhiteElo "1669"]
[BlackElo "2042"]
[PlyCount "104"]
[EventDate "2016.06.12"]
[EventType "swiss"]
[EventRounds "9"]
[EventCountry "RUS"]
[SourceTitle "EXT 2017"]
[Source "ChessBase"]
[SourceDate "2016.10.25"]
[SourceVersion "1"]
[SourceVersionDate "2016.10.25"]
[SourceQuality "1"]

1. d4 d5 2. Bg5 c6 3. e3 Bf5 4. Nd2 h6 5. Bh4 Qb6 6. Nb3 a5 7. Qc1 e5 8. c3 Nd7 9. Be2 a4 10. Nd2 exd4 11. exd4 Bd6 12. Ngf3 Ngf6 13. 0-0 0-0 14. Bg3 Bxg3 15. fxg3 Rfe8 16. Re1 Ne4 17. Nh4 Bh7 18. Bd3 c5 19. Nhf3 cxd4 20. cxd4 Ne5 21. Bxe4 dxe4 22. Nxe4 Bxe4 23. Rxe4 Nxf3+ 24. gxf3 Rxe4 25. fxe4 Qxd4+ 26. Kh1 Qxe4+ 27. Kg1 Qd4+ 28. Kh1 Re8 29. Qc2 a3 30. Rb1 axb2 31. Rxb2 Re1+ 32. Kg2 Rg1+ 33. Kf3 Qd5+ 34. Ke3 Qe5+ 35. Kf3 Qf6+ 36. Ke3 Re1+ 37. Kd2 Qf2+ 38. Kc3 Qe3+ 39. Qd3 Rc1+ 40. Rc2 Qc5+ 41. Kd2 Rxc2+ 42. Qxc2 Qf2+ 43. Kc3 Qc5+ 44. Kd2 Qxc2+ 45. Kxc2 f5 46. Kd2 Kf7 47. Kd3 Ke6 48. h3 g5 49. Ke3 Ke5 50. Kf2 Kd4 51. h4 Kc3 52. hxg5 hxg5 0-1

[Event "Voronezh op-B 19th"]
[Site "Voronezh"]
[Date "2015.06.18"]
[Round "6"]
[White "Kumakov, Ivan"]
[Black "Mochalin, Faddey"]
[Result "0-1"]
[WhiteElo "1650"]
[BlackElo "1827"]
[PlyCount "110"]
[EventDate "2015.06.12"]
[EventType "swiss"]
[EventRounds "9"]
[EventCountry "RUS"]
[SourceTitle "CBM 167 Extra"]
[Source "ChessBase"]
[SourceDate "2015.09.14"]
[SourceVersion "1"]
[SourceVersionDate "2015.09.14"]
[SourceQuality "1"]

1. e4 e6 2. d4 c5 3. Nf3 cxd4 4. Nxd4 Nf6 5. Nc3 Nc6 6. Be3 Bb4 7. Bd3 d5 8. Bb5 Bd7 9. exd5 Nxd5 10. Nde2 Qa5 11. Bxc6 Bxc6 12. Bd2 Qc7 13. 0-0 Bd6 14. h3 Nxc3 15. Bxc3 0-0-0 16. Qe1 Rhg8 17. a4 g5 18. Bf6 g4 19. h4 Be7 20. Bxe7 Qxe7 21. g3 Qc5 22. Kh2 Qxc2 23. b4 Kb8 24. b5 Bd5 25. Nf4 Qf5 26. Rc1 Rc8 27. Nxd5 Qxd5 28. Qe3 Rxc1 29. Rxc1 Qd6 30. a5 Rd8 31. Qc3 f5 32. Qc4 e5 33. a6 b6 34. Qf7 Qd7 35. Qf6 Re8 36. Qh6 Rd8 37. Qf6 Re8 38. Qh6 Rc8 39. Rc6 Rxc6 40. bxc6 Qe7 41. Qd2 Kc7 42. Qd3 f4 43. gxf4 exf4 44. Qc4 Qxh4+ 45. Kg1 Qf6 46. Qd5 Qxc6 47. Qf7+ Qd7 48. Qxf4+ Kc6 49. Qc4+ Kd6 50. Qd4+ Kc7 51. Qf4+ Qd6 52. Qxg4 Qg6 53. Qxg6 hxg6 54. Kf1 b5 55. Ke2 Kb6 0-1

[Event "Voronezh Winter Rating op"]
[Site "Voronezh"]
[Date "2015.01.18"]
[Round "2"]
[White "Kumakov, Ivan"]
[Black "Belov, Yury"]
[Result "1/2-1/2"]
[WhiteElo "1664"]
[BlackElo "1708"]
[PlyCount "73"]
[EventDate "2015.01.17"]
[EventType "swiss"]
[EventRounds "9"]
[EventCountry "RUS"]
[SourceTitle "EXT 2017"]
[Source "ChessBase"]
[SourceDate "2016.10.25"]
[SourceVersion "1"]
[SourceVersionDate "2016.10.25"]
[SourceQuality "1"]

1. d4 e6 2. e4 c5 3. Nf3 Be7 4. Be3 b6 5. d5 d6 6. c4 e5 7. Be2 Nf6 8. Nc3 0-0 9. 0-0 h6 10. a3 Nh7 11. b4 Ng5 12. Nxg5 Bxg5 13. f4 exf4 14. Bxf4 Bf6 15. Rc1 Bd4+ 16. Kh1 a6 17. Rf3 Bg4 18. Rg3 Bxe2 19. Qxe2 Qf6 20. Qg4 Nd7 21. Ne2 Ne5 22. Bxe5 Bxe5 23. Rh3 cxb4 24. axb4 Rac8 25. Ng1 b5 26. c5 dxc5 27. bxc5 Bd4 28. Ne2 Rxc5 29. Rd1 Be5 30. Ng3 Rfc8 31. Nf5 Qg5 32. Qe2 Rc1 33. Rhd3 R8c2 34. Qf3 g6 35. Ne3 Rc8 36. d6 Rxd1+ 37. Rxd1 1/2-1/2